Rendimiento de distintos genotipos de cártamo en respuesta a diferentes densidades de plantas y fechas de siembra en el sudoeste bonaerense /
Guardado en:
| Autor Principal: | |
|---|---|
| Autor Corporativo: | |
| Otros Autores: | |
| Formato: | Libro |
| Idioma: | Spanish |
| Publicado: |
Bahía Blanca,
2024.
|
| Acceso en línea: | Acceso a texto completo |
| Etiquetas: |
Agregar Etiqueta
Sin Etiquetas, Sea el primero en etiquetar este registro!
|
| LEADER | 00931nam a22001935a 4500 | ||
|---|---|---|---|
| 001 | EEA.libagro011539 | ||
| 008 | 240417s2024####ag############000#0#spa#d | ||
| 005 | 20240710124257.0 | ||
| 245 | 1 | 0 | |a Rendimiento de distintos genotipos de cártamo en respuesta a diferentes densidades de plantas y fechas de siembra en el sudoeste bonaerense / |c Nicolás Pesce. |
| 260 | |a Bahía Blanca, |c 2024. | ||
| 300 | |a 49 h. : |b il. col. ; |c 30 cm. | ||
| 500 | |a Trabajo de intensificación (Ingeniero Agrónomo) -- Universidad Nacional del Sur. Departamento de Agronomía, 2024. | ||
| 530 | |a Disponible también en formato digital | ||
| 100 | 1 | |a Pesce, Nicolás. | |
| 700 | 1 | |a Flemmer, Andrea Cecilia, |e tutor. | |
| 710 | 2 | |a Universidad Nacional del Sur. |b Departamento de Agronomía. | |
| 082 | 0 | 4 | |a 633.85 |
| 856 | |y Acceso a texto completo |u https://repositoriodigital.uns.edu.ar/handle/123456789/6739 | ||
| 859 | |a AR-BbBCA |b BIB. AGRONOMIA |h 633.85 |i P473 |p 2024/7355 | ||
